00629nam a2200193Ia 4500008004100000020001800041082001500059100002200074245003900096250000700135260004500142300002300187500001900210600003300229650001600262942000700278952013300285999001700418240925s9999 xx 000 0 und d a9788120344990 a519.53 PAN aPanneerselvam, R. 0aDesign and Analysis of Experiments aNA aNew Delhi:bPHI learning Pvt Ltdc,2012. a581p.b0fOriginal aIncludes Index aHumanities & Natural Science aMathematics cBK 001040708HUMaUITUbUITUd2019-02-01eAllied Book Companyg728.00l0o519.53 PANpQ14375r2024-09-25 07:17:17w2024-09-25yBK c16874d16874